000 01411nam0a2200349 i 4500
001 RU\NLR\bibl\1945891
005 20241114212854.0
010 _a9785987046243
_91000
021 _aRU
_b2012-64246
_94720
035 _a(nilc)LIBNET\0000233004
035 _a(NLR Aleph) 001935112
090 _a3488988
_c3488988
100 _a20120425d2012 k y0rusy50 ca
101 0 _arus
102 _aRU
105 _aa z |||||
200 1 _aТехнологии проблемно-модульного обучения
_eтеория и практика
_fЕ. А. Соколков
210 _aМосква
_cЛогос
_d2012
215 _a383 с.
_cил.
_d22
320 _aБиблиогр.: с. 335-343, 351, 354
606 _aПроблемное обучение
_xВысшая школа
_92116626
_3RU\NLR\auth\661582149
606 _aВысшие учебные заведения
_jУчебно-методические пособия
_xМодульное обучение
_92495163
_3RU\NLR\AUTH\661480227
686 1 _aЧ481.25
700 1 _aСоколков
_bЕ. А.
_gЕвгений Алексеевич
_4070
801 0 _aRU
_bЯрославская ОУНБ
_c20120425
_grcr
_2rusmarc
801 1 _aRU
_bЯрославская ОУНБ
_c20120425
_grcr
_2rusmarc
801 2 _aRU
_bNLR
_c20120918
_grcr
830 _aавт. по кн.
942 _cBOOK
980 _aNBR